Alles mit D (mit Hinweisen) - Statistiken

Allgemein
  • Dieses Quiz wurde 223 mal gespielt
  • Das Durchschnittsergebnis liegt bei 66 aus 100
Antwortstatistiken
Kategorie Hinweis Antwort % Korrekt
Geografisches Allerlei Fluss bei Rostow (Russland) Don
99%
Länder Europa Dänemark
98%
Sonstiges Oberseite eines Hauses Dach
97%
Sonstiges Verdauungsorgan Dünndarm / Dickdarm
97%
Länder Europa Deutschland
96%
Geografisches Allerlei Zweitlängster Fluss Europas Donau
96%
Hauptstädte Irland Dublin
96%
Sonstiges Rechtschreibwörterbuch Duden
95%
Sonstiges Drogeriemarktkette dm
93%
Länder Afrika Dschibuti
93%
Hauptstädte Dschibuti Dschibuti
93%
Sonstiges Teil der Hand Daumen
92%
Berühmte Personen Bewohner von Entenhausen D{onald} D{uck}
91%
Essen & Trinken Drehspießtasche (Kebab) Döner
91%
Sonstiges Tinten-, Laser-, Thermo-, 3D- Drucker
91%
Weitere Städte Hier steht der Burj Khalifa Dubai
91%
Sonstiges Kultinstrument aus Schottland Dudelsack
91%
Berühmte Personen 45. / 47. Präsident der USA D{onald} T{rump}
90%
Pflanzen & Tiere Hund mit kurzen Beinen Dackel
89%
Essen & Trinken Anderer Name für Nachtisch Dessert
89%
Berühmte Personen Pop-Titan, Juror bei DSDS D{ieter} B{ohlen}
89%
Sonstiges Leitet Chöre oder Orchester Dirigent
89%
Sonstiges Übersetzer (Beruf) Dolmetscher
89%
Essen & Trinken "Längste Praline" der Welt Duplo
89%
Pflanzen & Tiere Hund mit schwarzen Flecken Dalmatiner
88%
Sonstiges Sportart (Pfeile und Scheibe) Darts
88%
Sonstiges Rauschmittel Drogen
88%
Weitere Städte Großstadt in Sachsen Dresden
87%
Weitere Städte Großstadt in NRW Düsseldorf
87%
Länder Nordamerika Dominikan. Republik
86%
Essen & Trinken Rundes Gebäck mit Loch Donut
86%
Sonstiges Kleiner Behälter mit Deckel Dose
86%
Essen & Trinken Salatsoße Dressing
86%
Berühmte Personen Ehem. argentin. Fußballer D{iego} M{aradona}
85%
Pflanzen & Tiere Kamel mit einem Höcker Dromedar
85%
Weitere Städte Großstadt in NRW Dortmund
84%
Sonstiges Züge haben oft Verspätung Deutsche Bahn
83%
Sonstiges Fliegendes Fabelwesen Drache
82%
Hauptstädte Syrien Damaskus
80%
Sonstiges Gerät zur Wiederbelebung Defibrillator
80%
Hauptstädte Bangladesch Dhaka
79%
Pflanzen & Tiere Ausgestorbene Reptilien Dinosaurier
79%
Berühmte Personen Ehem. deutscher Basketballer D{irk} N{owitzki}
79%
Länder Nordamerika Dominica
79%
Weitere Städte Drittgrößte Stadt in Texas Dallas
76%
Weitere Städte Großstadt in Hessen Darmstadt
76%
Pflanzen & Tiere Meeressäugetier Delfin
76%
Berühmte Personen Geistl. Oberhaupt der Tibeter D{alai} L{ama}
75%
Berühmte Personen James Bond-Darsteller D{aniel} C{raig}
74%
Weitere Städte Stadt in Polen (Gdańsk) Danzig
73%
Berühmte Personen Ehem. englischer Fußballer D{avid} B{eckham}
73%
Hauptstädte Katar Doha
73%
Weitere Städte Großstadt in NRW Duisburg
73%
Weitere Städte Internationaler Gerichtshof Den Haag
71%
Geografisches Allerlei Gebirgsgruppe in Italien Dolomiten
71%
Berühmte Personen Sang "Looking for Freedom" D{avid} H{asselhoff}
70%
Berühmte Personen Spitzname "The Rock" D{wayne} J{ohnson}
70%
Weitere Städte Bayerische Stadt mit KZ Dachau
69%
Pflanzen & Tiere Getreide für Mehl Dinkel
69%
Hauptstädte Senegal Dakar
68%
Länder Afrika Demokrat. Rep. Kongo
67%
Weitere Städte Hauptstadt von Colorado Denver
67%
Pflanzen & Tiere Flugunfähiger Vogel Dodo
66%
Essen & Trinken Obst, innen weiß & gepunktet Drachenfrucht
66%
Pflanzen & Tiere Singvogel Drossel
66%
Sonstiges CD mit mehr Speicherplatz DVD
66%
Essen & Trinken Lebkuchenwürfel mit Schoko Dominostein
64%
Geografisches Allerlei US-amerikan. Bundesstaat Delaware
63%
Berühmte Personen Spielte Harry Potter D{aniel} R{adcliffe}
61%
Berühmte Personen Dt. Kabarettist und Moderator D{ieter} N{uhr}
57%
Essen & Trinken Bier aus "Die Simpsons" Duff
53%
Berühmte Personen DJ und Musikproduzent D{avid} G{uetta}
52%
Weitere Städte Kroatische Stadt an d. Adria Dubrovnik
49%
Essen & Trinken Andere Name für Cola Light Diät-Cola
46%
Essen & Trinken Torte (Buttercreme + Kirsche) Donauwelle
46%
Pflanzen & Tiere Meeresfisch Dorsch
45%
Weitere Städte Ostukrainische Stadt Donezk
44%
Hauptstädte Osttimor Dili
41%
Geografisches Allerlei Fluss in Osteuropa Dnepr
40%
Essen & Trinken Stinkfrucht oder Kotzfrucht Durian
37%
Hauptstädte Tadschikistan Duschanbe
37%
Geografisches Allerlei Höchster Berg Nordamerikas Denali
34%
Geografisches Allerlei Fluss durch Freiburg Dreisam
34%
Pflanzen & Tiere Gewürz- und Heilkraut Dill
33%
Hauptstädte Tansania Dodoma
31%
Essen & Trinken Fruchtsaft-Trinkpäckchen Durstlöscher
31%
Pflanzen & Tiere Dorie aus "Findet Nemo" Doktorfisch
29%
Essen & Trinken Indischer schwarzer Tee Darjeeling
28%
Berühmte Personen Ehem. Juror bei Popstars D{etlef} {D!} S{oost}
28%
Geografisches Allerlei Insel in Tunesien Djerba
28%
Pflanzen & Tiere Nationalblume Schottlands Distel
26%
Geografisches Allerlei Meerenge in der Türkei Dardanellen
24%
Pflanzen & Tiere Schwarz-weißes Gesicht Dachs
21%
Pflanzen & Tiere Baum mit braunen Früchten Dattelpalme
17%
Pflanzen & Tiere Nadelbaum aus Nordamerika Douglasie
16%
Pflanzen & Tiere Zierpflanze aus Mexiko Dahlie
15%
Essen & Trinken Erfrischungsgetränk (USA) Dr Pepper
15%
Geografisches Allerlei Berg im Siebengebirge Drachenfels
6%
Geografisches Allerlei Größte Insel Grönlands Diskoinsel
4%
Geografisches Allerlei Teil der Nördlichen Ostalpen Dachsteingebirge
2%
Keine übereinstimmenden Quizze gefunden
Verteilung der Resultate
Anzahl Personen mit jedem Resultat
Perzentil nach korrekt beantworteten Fragen
Ihre Resultats-Entwicklung
Sie haben dieses Quiz noch nicht gespielt